[Event "Bogny/La Francheville"]
[Site "?"]
[Date "2012.10.14"]
[Round "1"]
[White "Leghbag, Sophiane"]
[Black "Carre, Cedric"]
[Result "0-1"]
[WhiteElo "1894"]
[BlackElo "2066"]
[PlyCount "104"]
[EventDate "2012.10.17"]
[SourceDate "2012.10.17"]

1. e4 Nf6 2. e5 Nd5 3. d4 d6 4. c4 Nb6 5. exd6 cxd6 6. Nf3 g6 7. b3 Bg7 8. Bb2
O-O 9. g3 Nc6 10. Bg2 a5 11. O-O a4 12. Na3 Bg4 13. Nb5 axb3 14. axb3 Qd7 15.
Qd2 Rxa1 16. Rxa1 Ra8 17. Rxa8+ Nxa8 18. Bc3 Nc7 19. Nxc7 Qxc7 20. h3 Bf5 21.
b4 Qb6 22. b5 Nb8 23. Qa2 Qc7 24. Qa8 b6 25. Bb4 Bd3 26. c5 Bxb5 27. cxb6 Qxb6
28. Ba5 Bc6 29. Bxb6 Bxa8 30. Kf1 Bd5 31. Ke2 Nc6 32. Kd3 Bf6 33. Ne1 Nb4+ 34.
Kd2 Bxg2 35. Nxg2 Nd5 36. Ba7 Kf8 37. Ne3 Bg5 38. Kd3 Bxe3 39. fxe3 f5 40. Bb8
Kf7 41. e4 fxe4+ 42. Kxe4 Ke6 43. Ba7 g5 44. Kf3 h5 45. g4 h4 46. Ke4 Nf4 47.
d5+ Nxd5 48. Bf2 Nf6+ 49. Kf3 d5 50. Bd4 Kd6 51. Ke2 e5 52. Bg1 d4 0-1

[Event "Bogny/La Francheville"]
[Site "?"]
[Date "2012.10.14"]
[Round "1"]
[White "Fleurentin, Arnaud"]
[Black "Alcidi, Valentin"]
[Result "1/2-1/2"]
[WhiteElo "1990"]
[BlackElo "1825"]
[PlyCount "96"]
[EventDate "2012.10.17"]
[SourceDate "2012.10.17"]

1. e4 e5 2. Nc3 Nf6 3. Bc4 Nxe4 4. Qh5 Nd6 5. Qxe5+ Qe7 6. Qxe7+ Bxe7 7. Bb3
Nc6 8. Nf3 Nf5 9. Nd5 Bd8 10. c3 Na5 11. Bc2 Ne7 12. Nf4 d5 13. d4 c6 14. O-O
O-O 15. b3 Bc7 16. Re1 Bd6 17. Bd2 b6 18. Re2 Ng6 19. Nxg6 hxg6 20. Ne5 Bf5 21.
Bxf5 gxf5 22. Rae1 Rac8 23. Bf4 c5 24. Ng6 Bxf4 25. Nxf4 cxd4 26. cxd4 Nc6 27.
Nxd5 Rfd8 28. Re5 Nxe5 29. Ne7+ Kf8 30. Nxc8 Rxc8 31. dxe5 Rc2 32. Ra1 f4 33.
Kf1 Ke7 34. a4 Rb2 35. Rc1 Kd7 36. Rc3 a5 37. g3 fxg3 38. hxg3 g5 39. f4 gxf4
40. gxf4 Ke6 41. Rc6+ Kf5 42. Rf6+ Ke4 43. Rxf7 Kf3 44. Ke1 Rxb3 45. Kd2 Rb4
46. f5 Rxa4 47. Rb7 Rd4+ 48. Kc3 Rd5 1/2-1/2

[Event "Bogny/La Francheville"]
[Site "?"]
[Date "2012.10.14"]
[Round "1"]
[White "Prioux, michel"]
[Black "Belloy, Nicolas"]
[Result "0-1"]
[WhiteElo "1779"]
[BlackElo "1955"]
[PlyCount "82"]
[EventDate "2012.10.17"]
[SourceDate "2012.10.17"]

1. c4 c6 2. g3 d5 3. Bg2 Nf6 4. Qc2 e5 5. cxd5 cxd5 6. e3 Nc6 7. a3 Be6 8. Ne2
Rc8 9. Qa4 Qd7 10. Nbc3 Be7 11. d4 e4 12. Bd2 O-O 13. O-O Bh3 14. Nf4 Bxg2 15.
Kxg2 Rfd8 16. Rac1 Qg4 17. b4 g5 18. Nh3 Qf3+ 19. Kg1 Qf5 20. Kg2 Qf3+ 21. Kg1
Qf5 22. Kg2 h5 23. Qd1 Qg6 24. Ng1 Kg7 25. f3 Bd6 26. fxe4 Nxe4 27. Nxe4 Qxe4+
28. Qf3 Qxf3+ 29. Nxf3 Kg6 30. Ne1 Ne7 31. Nd3 Rxc1 32. Rxc1 Rc8 33. Rxc8 Nxc8
34. Kf2 Kf5 35. Kf3 Nb6 36. h3 g4+ 37. hxg4+ hxg4+ 38. Kg2 Nc4 39. Be1 Be7 40.
Nf4 Ke4 41. Ne2 Nxe3+ 0-1

[Event "Bogny/La Francheville"]
[Site "?"]
[Date "2012.10.14"]
[Round "1"]
[White "Krauss, Jean-Luc"]
[Black "Husson, Christophe"]
[Result "1/2-1/2"]
[WhiteElo "1894"]
[BlackElo "1670"]
[PlyCount "91"]
[EventDate "2012.10.17"]
[SourceDate "2012.10.17"]

1. e4 c5 2. Nf3 d6 3. Bb5+ Bd7 4. Bxd7+ Qxd7 5. O-O e6 6. d4 cxd4 7. Nxd4 Nf6
8. Nc3 Be7 9. Bg5 O-O 10. Re1 a6 11. Qd3 Ng4 12. Bxe7 Ne5 13. Qe2 Qxe7 14. f4
Nec6 15. Nf3 Nd7 16. Rad1 Rad8 17. a3 Rfe8 18. b4 Nf8 19. Qe3 Qc7 20. b5 Nb8
21. bxa6 bxa6 22. Rb1 Rc8 23. Rb3 Nc6 24. Ne2 Qa7 25. Qxa7 Nxa7 26. Rb6 Rc6 27.
Rxc6 Nxc6 28. Rd1 Rd8 29. Nc3 Ng6 30. g3 Nge7 31. Kf2 f6 32. Nd4 Nxd4 33. Rxd4
Rc8 34. Rd3 d5 35. exd5 Nxd5 36. Nxd5 Rxc2+ 37. Ke3 exd5 38. h3 Rc5 39. Kd4 Ra5
40. Re3 Kf7 41. f5 g6 42. g4 g5 43. Rb3 Ke7 44. Rb7+ Kd6 45. Rb6+ Ke7 46. Rb7+
1/2-1/2

[Event "Bogny/La Francheville"]
[Site "?"]
[Date "2012.10.14"]
[Round "1"]
[White "Flamant, Jacky"]
[Black "Regnier, Cedric"]
[Result "1/2-1/2"]
[WhiteElo "1769"]
[BlackElo "1701"]
[PlyCount "155"]
[EventDate "2012.10.17"]
[SourceDate "2012.10.17"]

1. e4 c5 2. Nf3 d6 3. d4 cxd4 4. Nxd4 Nf6 5. Nc3 a6 6. Bg5 e5 7. Nf3 Be7 8. Bc4
O-O 9. Qd2 Nc6 10. O-O-O b5 11. Bd5 Nxd5 12. Nxd5 Bxg5 13. Nxg5 h6 14. Nf3 Ra7
15. h4 Be6 16. h5 Bxd5 17. Qxd5 Nb4 18. Qxd6 Nxa2+ 19. Kb1 Qa5 20. Rd3 Rc8 21.
Ra3 Qb4 22. Qxe5 Re7 23. Qd4 Rxe4 24. Qxb4 Nxb4 25. c3 Nd3 26. Rd1 Nc5 27. Nd4
Rd8 28. Kc2 Rh4 29. Nf5 Rxd1 30. Nxh4 Rh1 31. g3 Rh2 32. b4 Na4 33. c4 Rxf2+
34. Kc1 Re2 35. c5 Re7 36. Kd2 Rc7 37. Ke3 a5 38. Kd4 axb4 39. Rb3 Rxc5 40.
Rxb4 Rxh5 41. Nf3 f6 42. Ke4 Kf7 43. g4 Rc5 44. Kd3 Ke7 45. Nd4 Rd5 46. Ke4
Nc3+ 47. Kf4 Na2 48. Nc6+ Kd6 49. Rb2 Kxc6 50. Rxa2 g5+ 51. Ke4 Re5+ 52. Kd4
Kb6 53. Rh2 Rc5 54. Rxh6 Rc4+ 55. Kd3 Rxg4 56. Rxf6+ Ka5 57. Kc3 Rg3+ 58. Kb2
g4 59. Rf4 Rg2+ 60. Kb3 g3 61. Rg4 Rg1 62. Kb2 b4 63. Kb3 g2 64. Rg5+ Kb6 65.
Kb2 Kc6 66. Rg8 Kd5 67. Rd8+ Ke6 68. Re8+ Kf5 69. Rf8+ Kg6 70. Rg8+ Kf5 71.
Rf8+ Ke4 72. Re8+ Kd5 73. Rd8+ Kc6 74. Rc8+ Kb7 75. Rg8 Rd1 76. Rxg2 Rd4 77.
Rg6 Kc7 78. Kb3 1/2-1/2

[Event "Bogny/La Francheville"]
[Site "?"]
[Date "2012.10.14"]
[Round "1"]
[White "Brodier, Thierry"]
[Black "Rnard, Luc"]
[Result "1-0"]
[WhiteElo "1674"]
[BlackElo "1772"]
[PlyCount "57"]
[EventDate "2012.10.17"]
[SourceDate "2012.10.17"]

1. e4 e6 2. d4 d5 3. Nc3 dxe4 4. Nxe4 Nd7 5. Nf3 Ngf6 6. Nxf6+ Nxf6 7. Bd3 c5
8. c3 cxd4 9. Nxd4 e5 10. Qe2 Qe7 11. Nf5 Bxf5 12. Bxf5 a6 13. O-O g6 14. Bc2
Nd7 15. Re1 Bg7 16. Be3 O-O 17. Rad1 Rfe8 18. Ba4 b5 19. Bb3 Rad8 20. Rd2 Nc5
21. Bxc5 Qxc5 22. Red1 Qc7 23. Qf3 Rxd2 24. Rxd2 e4 25. Qd1 Bh6 26. Rd7 e3 27.
Bxf7+ Kf8 28. Bxe8 Qf4 29. Rf7+ 1-0

[Event "Bogny/La Francheville"]
[Site "?"]
[Date "2012.10.14"]
[Round "1"]
[White "Waczecka, Jerome"]
[Black "Cauvin, Alain"]
[Result "1/2-1/2"]
[WhiteElo "1718"]
[BlackElo "1651"]
[PlyCount "64"]
[EventDate "2012.10.17"]
[SourceDate "2012.10.17"]

1. d4 d5 2. Nf3 e6 3. c3 Nf6 4. Bg5 Be7 5. Nbd2 b6 6. e3 Bb7 7. Bd3 Nbd7 8. O-O
O-O 9. Ne5 c5 10. Rc1 Ne8 11. Bxe7 Qxe7 12. f4 f5 13. Ndf3 Nef6 14. Nxd7 Nxd7
15. Ne5 Rf6 16. g4 Nxe5 17. dxe5 Rg6 18. g5 h6 19. h4 hxg5 20. hxg5 Rxg5+ 21.
fxg5 Qxg5+ 22. Kf2 d4 23. cxd4 cxd4 24. exd4 Qf4+ 25. Ke1 Qxd4 26. Qe2 Rd8 27.
Rd1 Rd5 28. Bxf5 Qh4+ 29. Rf2 Qh1+ 30. Rf1 Qh4+ 31. Rf2 Qh1+ 32. Rf1 Qh4+
1/2-1/2

[Event "Bogny/La Francheville"]
[Site "?"]
[Date "2012.10.14"]
[Round "1"]
[White "Bryl, Laura"]
[Black "Gervaise, Marina"]
[Result "0-1"]
[WhiteElo "1199"]
[BlackElo "1650"]
[PlyCount "40"]
[EventDate "2012.10.17"]
[SourceDate "2012.10.17"]

1. e4 e5 2. Nf3 Nc6 3. Bc4 Bc5 4. O-O d6 5. d3 h6 6. Nc3 Bg4 7. Bd2 Nge7 8. h3
Bh5 9. Qe2 Nd4 10. Qd1 Qd7 11. Be3 Nxf3+ 12. Kh1 Nc6 13. gxf3 Qxh3+ 14. Kg1
Bxf3 15. Qxf3 Qxf3 16. Bxc5 dxc5 17. Nd5 O-O-O 18. Rae1 Rd6 19. Re3 Rg6+ 20.
Kh2 Qg2# 0-1

[Event "La Tour du Roi/Rethel"]
[Site "?"]
[Date "2012.10.14"]
[Round "1"]
[White "Piermee, Emilien"]
[Black "Bardoux, Thierry"]
[Result "1/2-1/2"]
[WhiteElo "2144"]
[BlackElo "2145"]
[PlyCount "82"]
[EventDate "2012.10.24"]
[SourceDate "2012.10.24"]

1. d4 Nf6 2. Nf3 c5 3. c4 e6 4. Nc3 d5 5. cxd5 exd5 6. Bf4 Be6 7. e3 c4 8. Bxb8
Qxb8 9. Qa4+ Bd7 10. Qc2 Bd6 11. Be2 O-O 12. O-O Re8 13. g3 b5 14. Nh4 g6 15.
Bf3 Bc6 16. Nb1 Ne4 17. b3 f5 18. bxc4 bxc4 19. Nd2 Qb4 20. Nxe4 fxe4 21. Bg2
Qa3 22. Bh3 Rab8 23. Qe2 Re7 24. Rab1 Rb4 25. Rxb4 Qxb4 26. Bc8 Qb5 27. Qg4 Bd7
28. Bxd7 Qxd7 29. Qe2 Qc8 30. f3 Qe8 31. Ng2 Rb7 32. Nf4 Bxf4 33. exf4 Re7 34.
Re1 Kf7 35. Kf2 exf3 36. Qxe7+ Qxe7 37. Rxe7+ Kxe7 38. Kxf3 h5 39. h3 Kf6 40.
g4 hxg4+ 41. hxg4 Ke6 1/2-1/2

[Event "La Tour du Roi/Rethel"]
[Site "?"]
[Date "2012.10.14"]
[Round "1"]
[White "Vedovotto, Nicolas"]
[Black "Szylar, Eric"]
[Result "1-0"]
[WhiteElo "2099"]
[BlackElo "2078"]
[PlyCount "91"]
[EventDate "2012.10.24"]
[SourceDate "2012.10.24"]

1. Nc3 e5 2. Nf3 Nc6 3. d4 exd4 4. Nxd4 d5 5. Bf4 Nxd4 6. Qxd4 c6 7. O-O-O Nf6
8. e4 Be6 9. Qa4 Be7 10. exd5 Nxd5 11. Nxd5 Bxd5 12. c4 b5 13. cxb5 O-O 14.
bxc6 Bxc6 15. Rxd8 Bxa4 16. Rxa8 Rxa8 17. Be2 Rc8+ 18. Kb1 Rc2 19. Bd1 Rc4 20.
Be3 Bd7 21. Bc2 a5 22. Rd1 Bc6 23. Bd3 Rb4 24. Rc1 Bb7 25. Bc5 Bxc5 26. Rxc5 a4
27. f3 g6 28. Kc2 Rb6 29. Bc4 Bc6 30. Ra5 Kg7 31. Kc3 h5 32. b4 axb3 33. axb3
Kf6 34. b4 h4 35. h3 Bb7 36. Bd5 Bxd5 37. Rxd5 Ke6 38. Rd2 Rc6+ 39. Kb3 Ke5 40.
b5 Rc8 41. Kb4 Kf4 42. b6 Ke3 43. Rb2 Kd4 44. Kb5 Kc3 45. Rb1 Kc2 46. Ra1 1-0

[Event "La Tour du Roi/Rethel"]
[Site "?"]
[Date "2012.10.14"]
[Round "1"]
[White "Lassalle, Arnaud"]
[Black "Sohier, Renaud"]
[Result "0-1"]
[WhiteElo "2071"]
[BlackElo "2002"]
[PlyCount "110"]
[EventDate "2012.10.24"]
[SourceDate "2012.10.24"]

1. e4 e5 2. Nf3 d6 3. Bc4 Nc6 4. c3 Qf6 5. d3 Bg4 6. Nbd2 Nge7 7. h3 Bd7 8. Nf1
Na5 9. Bd5 c6 10. Bb3 d5 11. Bc2 dxe4 12. dxe4 c5 13. Ne3 O-O-O 14. Qe2 Ng6 15.
Nd5 Qe6 16. b4 cxb4 17. cxb4 Nc6 18. b5 Bb4+ 19. Kf1 Nd4 20. Nxd4 exd4 21. Qc4+
Kb8 22. Qxb4 Qe5 23. Bd3 f5 24. f4 Qe6 25. Qxd4 fxe4 26. Qxe4 Qd6 27. f5 Bxf5
28. Qd4 Bxd3+ 29. Qxd3 Rhf8+ 30. Kg1 Qe5 31. Qc3 Qxd5 32. Be3 Nh4 33. Qb2 Rde8
34. Re1 Ka8 35. Qd2 Qxb5 36. Qd4 Qb6 37. Qxb6 axb6 38. Kh2 Re6 39. Bg5 Rxe1 40.
Rxe1 Ng6 41. Be3 Re8 42. Kg3 b5 43. Kf2 Ne5 44. Rd1 Nc4 45. Bf4 Rf8 46. Kg3 Rf7
47. Rd5 Ka7 48. Rxb5 Ka6 49. Rc5 Nb2 50. Bd2 b5 51. Rc6+ Kb7 52. Rc5 Nc4 53.
Bb4 Kb6 54. a4 Nd6 55. axb5 Ne4+ 0-1

[Event "La Tour du Roi/Rethel"]
[Site "?"]
[Date "2012.10.14"]
[Round "1"]
[White "Noizet, Donatien"]
[Black "Halfaoui, Eddine"]
[Result "0-1"]
[WhiteElo "1940"]
[BlackElo "1898"]
[PlyCount "78"]
[EventDate "2012.10.24"]
[SourceDate "2012.10.24"]

1. e4 c6 2. Nf3 d5 3. exd5 cxd5 4. d4 Nc6 5. c3 Bg4 6. Bf4 Nf6 7. Nbd2 e6 8.
Qb3 Qb6 9. Bb5 Be7 10. Ne5 Rc8 11. Bg5 Bh5 12. O-O h6 13. Bh4 g5 14. Bg3 O-O
15. Bxc6 bxc6 16. f4 c5 17. fxg5 hxg5 18. Bf2 Ng4 19. Qxb6 axb6 20. Nd7 Rfd8
21. Nxb6 Rb8 22. Na4 Nxf2 23. Rxf2 cxd4 24. cxd4 Rb4 25. b3 Rxd4 26. Rc1 g4 27.
Nf1 Bg5 28. Re1 Bg6 29. Nc5 Be7 30. Nxe6 fxe6 31. Rxe6 Re4 32. Rxg6+ Kh7 33.
Rc6 d4 34. Ng3 Re1+ 35. Rf1 Rxf1+ 36. Kxf1 Bb4 37. Ke2 d3+ 38. Kf2 d2 39. Rc7+
Kh8 0-1

[Event "La Tour du Roi/Rethel"]
[Site "?"]
[Date "2012.10.14"]
[Round "1"]
[White "Hacene, Ahmed"]
[Black "Biniaux, Michael"]
[Result "0-1"]
[WhiteElo "1773"]
[BlackElo "1729"]
[PlyCount "78"]
[EventDate "2012.10.24"]
[SourceDate "2012.10.24"]

1. e4 d5 2. exd5 Qxd5 3. Nc3 Qa5 4. d4 c6 5. Bd2 Nf6 6. Nf3 Bg4 7. Be2 Nbd7 8.
b4 Qc7 9. O-O e6 10. h3 Bh5 11. a3 Bd6 12. Be3 Nd5 13. Nxd5 cxd5 14. Rc1 Bxf3
15. Bxf3 Qc3 16. Qe2 O-O 17. Qb5 Nb6 18. Qd3 Rac8 19. Be2 Rc7 20. Bd2 Qxd3 21.
cxd3 Rfc8 22. Rxc7 Rxc7 23. Rc1 Rxc1+ 24. Bxc1 a6 25. Bd1 Nc8 26. Bd2 Ne7 27.
Ba4 b5 28. Bd1 Nc6 29. Bc3 Be7 30. Kf1 Bf6 31. a4 Nxd4 32. a5 Nc6 33. d4 Bxd4
34. Bxd4 Nxd4 35. Be2 Nc6 36. Bxb5 axb5 37. a6 Kf8 38. Ke2 Ke7 39. Kd3 Kd7 0-1

[Event "La Tour du Roi/Rethel"]
[Site "?"]
[Date "2012.10.14"]
[Round "1"]
[White "Chavet, Antoine"]
[Black "Jupin, Francois"]
[Result "0-1"]
[WhiteElo "1440"]
[BlackElo "1720"]
[PlyCount "80"]
[EventDate "2012.10.24"]
[SourceDate "2012.10.24"]

1. c4 Nf6 2. d3 e6 3. g3 c6 4. Nc3 d5 5. Bg2 Be7 6. Nf3 O-O 7. Ne5 Nbd7 8. Nxd7
Bxd7 9. cxd5 cxd5 10. d4 Qb6 11. e4 dxe4 12. Nxe4 Bc6 13. Nxf6+ Bxf6 14. Bxc6
Qxc6 15. O-O Rfd8 16. Qb3 Rxd4 17. Be3 Rd5 18. Rac1 Qd7 19. Rfd1 Rd8 20. Re1
Rb5 21. Red1 Rxb3 22. Rxd7 Rxd7 23. axb3 b6 24. Bf4 Kf8 25. Rc8+ Ke7 26. h4
Bxb2 27. Bc7 Bd4 28. Kg2 a5 29. f4 f6 30. Kh3 e5 31. fxe5 Bxe5 32. Bxb6 Rd3 33.
Bxa5 Rxg3+ 34. Kh2 Rc3+ 35. Kg2 Rxc8 36. b4 Rc2+ 37. Kf3 Kd7 38. b5 Kc8 39. b6
Kb7 40. Ke4 Rc5 0-1

[Event "La Tour du Roi/Rethel"]
[Site "?"]
[Date "2012.10.14"]
[Round "1"]
[White "Fauchart, Francois"]
[Black "Pierlot, Aurore"]
[Result "1-0"]
[WhiteElo "1621"]
[BlackElo "1430"]
[PlyCount "115"]
[EventDate "2012.10.24"]
[SourceDate "2012.10.24"]

1. d4 d5 2. Nf3 Nc6 3. Bf4 Nf6 4. h3 e6 5. e3 Bd6 6. Ne5 Bd7 7. Nd2 O-O 8. c3
h6 9. Bd3 Bxe5 10. dxe5 Ne8 11. Nf3 f6 12. exf6 Nxf6 13. Ne5 Nxe5 14. Bxe5 Ne4
15. Bxe4 dxe4 16. Qg4 Qg5 17. Qxg5 hxg5 18. Bxc7 Rac8 19. Bg3 Be8 20. O-O-O Bh5
21. Rd7 Rf7 22. Rxf7 Kxf7 23. Be5 Kg8 24. g4 Bg6 25. Rd1 Rf8 26. Rd7 Rf7 27.
Rxf7 Kxf7 28. Kc2 Ke7 29. Bxg7 Kf7 30. Be5 a6 31. a4 Ke7 32. c4 Be8 33. b3 Bc6
34. Kc3 Bd7 35. Kd4 Bc6 36. Bh8 Kd6 37. c5+ Ke7 38. Ke5 Bd5 39. b4 Kd7 40. Bf6
Kc6 41. Bxg5 Bb3 42. Bd8 Bxa4 43. g5 Kd7 44. Bf6 Bd1 45. g6 Bh5 46. g7 Bf7 47.
h4 Kc6 48. Kxe4 Kb5 49. Bc3 Kc6 50. h5 Kd7 51. Bf6 Kc6 52. h6 Bg8 53. Bd8 Kd7
54. Ba5 Ke7 55. f4 Kf6 56. Bd8+ Kf7 57. Ke5 Ke8 58. Kd6 1-0

[Event "La Tour du Roi/Rethel"]
[Site "?"]
[Date "2012.10.14"]
[Round "1"]
[White "Monceau, Etienne"]
[Black "Genin, Adeline"]
[Result "1-0"]
[WhiteElo "1199"]
[BlackElo "1100"]
[PlyCount "21"]
[EventDate "2012.10.24"]
[SourceDate "2012.10.24"]

1. d4 d5 2. c4 e6 3. Nc3 Nf6 4. Bg5 h6 5. Bxf6 Qxf6 6. cxd5 Bb4 7. Qa4+ Bd7 8.
Qxb4 b6 9. e3 exd5 10. Nxd5 Qc6 11. Qe7# 1-0

[Event "N4 Blagny / Epernay"]
[Site "?"]
[Date "2012.10.14"]
[Round "1.1"]
[White "Monaville, Guy"]
[Black "Durant, Christophe"]
[Result "1-0"]
[WhiteElo "2119"]
[BlackElo "1938"]
[PlyCount "81"]
[EventDate "2012.10.14"]
[SourceDate "2012.10.14"]

1. e4 c6 2. Nc3 d5 3. Nf3 dxe4 4. Nxe4 Nf6 5. Nxf6+ exf6 6. d4 Bd6 7. Be2 O-O
8. O-O Be6 9. Be3 Re8 10. Qd2 Nd7 11. c4 Bf5 12. Rfe1 Rc8 13. c5 Bc7 14. b4 Nf8
15. Bf4 Ng6 16. Bg3 Be6 17. Bd3 Ne7 18. Rad1 Bxg3 19. hxg3 Qd5 20. Be4 Qh5 21.
a4 Nd5 22. b5 g5 23. bxc6 bxc6 24. Rb1 Rb8 25. Rxb8 Rxb8 26. Rb1 Ra8 27. Qa5 f5
28. Bxd5 Bxd5 29. Ne5 Qe2 30. Qc7 Qe4 31. Rb8+ Rxb8 32. Qxb8+ Kg7 33. Nf3 g4
34. Qe5+ Qxe5 35. Nxe5 a5 36. Nd7 f6 37. Nb6 Be4 38. d5 cxd5 39. c6 d4 40. c7
Bb7 41. c8=Q 1-0

[Event "N4 Blagny / Epernay"]
[Site "?"]
[Date "2012.10.14"]
[Round "1.2"]
[White "Crepaux, Jean Marie"]
[Black "Giorgetti, Cyril"]
[Result "0-1"]
[WhiteElo "1856"]
[BlackElo "1931"]
[PlyCount "58"]
[EventDate "2012.10.14"]
[SourceDate "2012.10.14"]

1. e4 e6 2. d4 d5 3. Nc3 dxe4 4. Nxe4 Nd7 5. Nf3 Ngf6 6. Bg5 Be7 7. Bd3 Nxe4 8.
Bxe7 Qxe7 9. Bxe4 Nf6 10. Bd3 O-O 11. O-O b6 12. c3 Bb7 13. Qe2 Rad8 14. a4 c5
15. Rfd1 Bxf3 16. Qxf3 cxd4 17. cxd4 Qb4 18. Qb7 Rd7 19. Qa6 Qxb2 20. Rab1 Qa3
21. Bb5 Rc7 22. Ra1 Qe7 23. Rac1 Nd5 24. Bf1 g6 25. g3 Nc3 26. Re1 Rfc8 27. Kg2
Qd7 28. a5 Qd5+ 29. Kg1 Ne2+ 0-1

[Event "N4 Blagny / Epernay"]
[Site "?"]
[Date "2012.10.14"]
[Round "1.3"]
[White "Dubuisson, Thomas"]
[Black "Tatard, Marie"]
[Result "1-0"]
[WhiteElo "1992"]
[BlackElo "1855"]
[PlyCount "45"]
[EventDate "2012.10.14"]
[SourceDate "2012.10.14"]

1. e4 e6 2. d4 d5 3. e5 c5 4. c3 Nc6 5. Nf3 Qb6 6. Bd3 Bd7 7. O-O cxd4 8. cxd4
Nxd4 9. Nxd4 Qxd4 10. Nc3 Qb6 11. Be3 Qd8 12. Rc1 Bc6 13. Nb5 a6 14. Nd4 Qd7
15. f4 Ne7 16. f5 exf5 17. Nxf5 Ng6 18. Bd4 Qd8 19. Qf3 Qd7 20. Rce1 Qc7 21.
Nd6+ Kd8 22. Nxf7+ Kc8 23. Nxh8 1-0

[Event "N4 Blagny / Epernay"]
[Site "?"]
[Date "2012.10.14"]
[Round "1.4"]
[White "Puech, Armel"]
[Black "Glod, Philippe"]
[Result "1/2-1/2"]
[WhiteElo "1785"]
[BlackElo "1904"]
[PlyCount "45"]
[EventDate "2012.10.14"]
[SourceDate "2012.10.14"]

1. e4 e6 2. d4 d5 3. e5 c5 4. c3 Nc6 5. Nf3 Bd7 6. Be2 Nge7 7. O-O Ng6 8. Re1
Be7 9. Na3 O-O 10. Bd3 cxd4 11. cxd4 Rc8 12. Nc2 Qb6 13. h4 Nb4 14. Nxb4 Bxb4
15. Re2 Bb5 16. h5 Bxd3 17. Qxd3 Nh8 18. Ng5 g6 19. hxg6 fxg6 20. Qh3 h5 21.
Nxe6 Rf5 22. Qb3 Rc4 23. Bd2 1/2-1/2

[Event "N4 Blagny / Epernay"]
[Site "?"]
[Date "2012.10.14"]
[Round "1.5"]
[White "Salentiny, Eric"]
[Black "Leroy, Patrick"]
[Result "1-0"]
[WhiteElo "1886"]
[BlackElo "1790"]
[PlyCount "59"]
[EventDate "2012.10.14"]
[SourceDate "2012.10.14"]

1. e4 e6 2. d4 d5 3. e5 c5 4. c3 Qb6 5. Nf3 Nc6 6. a3 Nh6 7. Bxh6 Qxb2 8. Bxg7
Bxg7 9. Nbd2 cxd4 10. cxd4 Nxd4 11. Qa4+ Nc6 12. Rb1 Qc3 13. Bb5 Bd7 14. O-O
Qc5 15. Rfc1 Qe7 16. Bxc6 bxc6 17. Rb7 c5 18. Qa5 O-O 19. Rxc5 Qd8 20. Qxd8
Rfxd8 21. Rcc7 Be8 22. Rxa7 Rxa7 23. Rxa7 Rc8 24. g3 Bf8 25. a4 Rc1+ 26. Kg2
Ra1 27. a5 Kg7 28. Nb3 Ra2 29. Nbd4 Bc5 30. Nxe6+ 1-0

[Event "N4 Blagny / Epernay"]
[Site "?"]
[Date "2012.10.14"]
[Round "1.6"]
[White "Marchal, Ludovic"]
[Black "Hanot, Wilfried"]
[Result "0-1"]
[WhiteElo "1570"]
[BlackElo "1828"]
[PlyCount "73"]
[EventDate "2012.10.14"]
[SourceDate "2012.10.14"]

1. c4 Nf6 2. Nc3 g6 3. g3 Bg7 4. Bg2 c6 5. Nf3 O-O 6. O-O e6 7. d4 d5 8. cxd5
cxd5 9. Bf4 a6 10. Rc1 Nc6 11. Ne5 Nxd4 12. Qxd4 Nd7 13. h4 Qf6 14. Nf3 Qxd4
15. Nxd4 Bxd4 16. Bd6 Re8 17. e4 Bxc3 18. Rxc3 d4 19. Rd3 e5 20. f4 f6 21. fxe5
fxe5 22. Kh2 Re6 23. Ba3 b5 24. Rc1 Nb6 25. b3 Rf6 26. Rf3 Rxf3 27. Bxf3 h5 28.
Bd6 Nd7 29. g4 hxg4 30. Bxg4 Kf7 31. Bxd7 Bxd7 32. Bxe5 Re8 33. Bxd4 Rxe4 34.
Rf1+ Bf5 35. Bf2 Re2 36. a3 Ra2 37. b4 0-1

[Event "N4 Blagny / Epernay"]
[Site "?"]
[Date "2012.10.14"]
[Round "1.7"]
[White "Fourcart, Marc"]
[Black "Vilmin, Jean François"]
[Result "0-1"]
[WhiteElo "1691"]
[BlackElo "1650"]
[PlyCount "60"]
[EventDate "2012.10.14"]
[SourceDate "2012.10.14"]

1. e4 c5 2. Nf3 d6 3. d4 cxd4 4. Nxd4 Nf6 5. Nc3 a6 6. Bc4 e6 7. O-O Nbd7 8.
Bg5 Be7 9. Qe2 O-O (9... Nxe4) 10. Rad1 Qc7 11. Bb3 Nc5 12. Kh1 b5 13. f4 Re8
14. Rf3 b4 15. e5 {maintenant c'est le bazar sur l'échiquier !} Nfd7 16. Bxe7
dxe5 17. Bxc5 Nxc5 18. fxe5 Nxb3 19. Nxb3 bxc3 20. Rxc3 Qb6 21. Rd6 Qb4 22. Rc7
Rb8 23. Qf2 {les noirs sont morts!} Rf8 24. Rd4 (24. Rd8 {
c'est le coup que j'avais analyser mais ... pas joué .. pourquoi ???} f5 25.
Qg3 g6 26. Rxf8+ Qxf8 27. Qh4) 24... Qb6 25. Rcc4 a5 26. Qh4 Bb7 27. Rd3 {
comptant sur Fa6??} Ba6 28. Rh3 h6 (28... Rfd8 {seul coup pour tenir!} 29.
Qxh7+ Kf8 30. Qh8+ Ke7 31. Qh4+ Ke8 32. Re4 Rd1+ 33. Re1) 29. Rg4 Qd8 {
j'ai regardé ce coup sans l'analyser étant sur de mater !} 30. Qxh6 (30. Rxg7+
Kxg7 31. Qxh6+ Kg8 32. Qh7# {en plus je l'avais vu mais je m'étais dit que je
profitais du clouage sans regardé son arnaque !}) 30... Qd1# {
bref comme un boulet je me fait mater !} 0-1

[Event "N4 Blagny / Epernay"]
[Site "?"]
[Date "2012.10.14"]
[Round "1.8"]
[White "Robert, Guillaume"]
[Black "Delpy, Estelle"]
[Result "1-0"]
[WhiteElo "1630"]
[BlackElo "1550"]
[Annotator ",Microsoft"]
[PlyCount "49"]
[EventDate "2012.10.14"]
[SourceDate "2012.10.14"]

1. d4 g6 2. Nf3 Bg7 3. e3 c6 4. Be2 Nf6 5. Nbd2 d5 6. c4 e6 7. O-O O-O 8. Qc2
Ng4 9. h3 Nh6 {cela doit etre une case de passage vers F5} 10. b4 b6 {
affaiblit c6} 11. Bb2 Na6 (11... Bb7 {meilleurs}) 12. a3 Nc7 13. Ne5 Bb7 14.
Rac1 f6 15. Nxc6 Bxc6 16. cxd5 Bb5 17. Bxb5 Nxb5 18. dxe6 Qe7 (18... Nf5 19.
Qc4 Qe8 20. d5 (20. e7+ Rf7 {tout simplement}) 20... Nfd6) 19. Qc6 Nxd4 (19...
Nd6 {tenait pour les noirs} 20. d5 Rac8 21. Qa4 Nhf5 {
bref les blancs ont leurs pions mais les cavaliers peuvent tenir}) 20. exd4 f5
21. Nf3 Rfd8 22. Rfe1 Rac8 23. Qxc8 Rxc8 24. Rxc8+ Bf8 25. d5 1-0

[Event "N4 Chaumont  Echiquier Aubois"]
[Site "?"]
[Date "2012.10.14"]
[Round "1"]
[White "Hascher, Nicolas"]
[Black "Da Caosta, Manuel"]
[Result "1-0"]
[WhiteElo "1958"]
[BlackElo "1886"]
[PlyCount "85"]
[EventDate "2012.10.14"]
[SourceDate "2012.10.14"]

1. d4 Nf6 2. Nf3 g6 3. c4 Bg7 4. Nc3 a6 5. e4 d6 6. Bg5 h6 7. Be3 Ng4 8. Bf4
O-O 9. h3 e5 10. dxe5 Nxe5 11. Nxe5 dxe5 12. Be3 c6 13. Qb3 b5 14. a4 Qa5 15.
Bc5 Re8 16. Bb4 Qb6 17. axb5 Be6 18. c5 Qb7 19. Qa3 cxb5 20. Bxb5 Nc6 21. Bxc6
Qxc6 22. Qa4 Qc8 23. Nd5 Qb7 24. c6 Qc7 25. O-O f5 26. Rac1 fxe4 27. Bc5 Qf7
28. Nb6 Rad8 29. Rfd1 Rxd1+ 30. Qxd1 h5 31. Qa4 Bh6 32. Ra1 e3 33. Bxe3 Bxe3
34. fxe3 Qc7 35. Nd7 Kg7 36. Rd1 a5 37. Nc5 Bc8 38. Rd7+ Bxd7 39. cxd7 Re7 40.
Qc4 Kh6 41. Qd5 Qd8 42. Qd6 Kh7 43. Ne6 1-0

[Event "N4 Chaumont  Echiquier Aubois"]
[Site "?"]
[Date "2012.10.14"]
[Round "1"]
[White "Parizot, Anthony"]
[Black "Moine, Patrick"]
[Result "0-1"]
[WhiteElo "1763"]
[BlackElo "1849"]
[PlyCount "76"]
[EventDate "2012.10.14"]
[SourceDate "2012.10.14"]

1. Nf3 d5 2. d4 Nf6 3. c4 e6 4. Bg5 Be7 5. Nc3 c6 6. e3 Nbd7 7. Bd3 h6 8. Bh4
Qc7 9. Rc1 Qb6 10. Qc2 Bb4 11. O-O Bxc3 12. Qxc3 Qc7 13. Bg3 Qd8 14. Qa3 Ne4
15. Bxe4 dxe4 16. Nd2 f5 17. Rfd1 Nb6 18. Be5 Kf7 19. b3 Rg8 20. Nb1 g5 21. Nc3
Nd7 22. Bd6 Nb6 23. d5 cxd5 24. cxd5 Qf6 25. dxe6+ Bxe6 26. Nb5 Nd5 27. Nc7
Rac8 28. Qxa7 Nc3 29. Re1 Rgd8 30. Nxe6 Qxe6 31. Qxb7+ Qd7 32. Qxd7+ Rxd7 33.
Ba3 Ne2+ 34. Kf1 Nxc1 35. Bxc1 Rc2 36. a4 Rb7 37. a5 Rxb3 38. Rd1 Rb1 0-1